Bonsai : (Record no. 34576)

MARC details
000 -LEADER
fixed length control field 00976nam a22002534a 4500
005 - DATE AND TIME OF LATEST TRANSACTION
control field 20100311110920.0
008 - FIXED-LENGTH DATA ELEMENTS--GENERAL INFORMATION
fixed length control field 020926s2003 caua 001 0 eng
010 ## - LCCN (DPL NO)
LC control number B-379401
020 ## - INTERNATIONAL STANDARD BOOK NUMBER
International Standard Book Number 9780753704950
Terms of availability 495.00
035 ## - SYSTEM CONTROL NUMBER
System control number B-379401
037 ## - SOURCE OF ACQUISITION
Source of stock number/acquisition Pansy Books
040 ## - CATALOGING SOURCE
Original cataloging agency dpl
Language of cataloging English
082 ## - DEWEY DECIMAL CLASSIFICATION NUMBER
Classification number 635.9772
100 ## - MAIN ENTRY--PERSONAL NAME
Personal name Lewis, Colin
245 ## - TITLE STATEMENT
Title Bonsai :
Remainder of title a care manual /
Statement of responsibility, etc by Colin Lewis
260 ## - PUBLICATION, DISTRIBUTION, ETC. (IMPRINT)
Place of publication, distribution, etc London
Name of publisher, distributor, etc Chancellor Press
Date of publication, distribution, etc 2009
270 ## - ADDRESS
Address 2-4, Heron Quays,
City London
300 ## - PHYSICAL DESCRIPTION
Extent 128 p. :
Other physical details col. ill.
Dimensions 28 cm(Hb)
500 ## - GENERAL NOTE
General note includes glossary and index
650 ## - SUBJECT ADDED ENTRY--TOPICAL TERM
Topical term or geographic name as entry element Bonsai.
942 ## - ADDED ENTRY ELEMENTS (KOHA)
Source of classification or shelving scheme Dewey Decimal Classification
Item type English Books
Classification part 635.9772
Call number suffix LEW
Holdings
Withdrawn status Lost status Source of classification or shelving scheme Damaged status Not for loan Collection code Home library Current library Date acquired Source of acquisition Cost, normal purchase price Total Checkouts Full call number Barcode Date last seen Copy number Cost, replacement price Koha item type
    Dewey Decimal Classification   Not For Loan Non-fiction Central Library Central Library 22/03/2010 Pansy Books/986/24.2.10/177/23.2.10/24.2.10 495.00   635.9772 LEW B-379401 22/03/2010 1 495.00 Reference Books

© Delhi Public Library
Hit Counter
free hit counter